000 01379nam a2200337 a 4500
001 ebr10494000
003 CaPaEBR
006 m u
007 cr cn|||||||||
008 110124s2011 tnu sb 001 0deng d
010 _z 2011001889
020 _z9781572337497 (hardcover : alk. paper)
020 _z1572337494 (hardcover ; alk. paper)
020 _z1572338008 (e-book)
020 _z9781572338005 (e-book)
040 _aCaPaEBR
_cCaPaEBR
035 _a(OCoLC)745866995
050 1 4 _aPS3562.E353
_bT63335 2011eb
082 0 4 _a813/.54
_222
100 1 _aBlackford, Holly Virginia.
245 1 0 _aMockingbird passing
_h[electronic resource] :
_bcloseted traditions and sexual curiosities in Harper Lee's novel /
_cHolly Blackford.
260 _aKnoxville :
_bUniversity of Tennessee Press,
_cc2011.
300 _a349 p.
504 _aIncludes bibliographical references and index.
533 _aElectronic reproduction.
_bPalo Alto, Calif. :
_cebrary,
_d2011.
_nAvailable via World Wide Web.
_nAccess may be limited to ebrary affiliated libraries.
600 1 0 _aLee, Harper.
_tTo kill a mockingbird.
650 0 _aPassing (Identity) in literature.
655 7 _aElectronic books.
_2local
710 2 _aebrary, Inc.
856 4 0 _uhttp://site.ebrary.com/lib/rucke/Doc?id=10494000
_zAn electronic book accessible through the World Wide Web; click to view
999 _c129837
_d129837